Geography Analogies #8 - Statistics

General Stats
  • This quiz has been taken 501 times
  • The average score is 6 of 16
Answer Stats
Hint Answer % Correct
New York is to New York as Quebec is to ______ Quebec
81%
Algeria is to Africa as ______ is to South America Brazil
79%
Chicago is to Lake Michigan as _______ is to Lake Ontario Toronto
79%
The ______ is to Senegal as Monaco is to France Gambia
78%
Abkhazia and South Ossetia are to _______ as Luhansk and Donestk are to Ukraine Georgia
57%
Macedonia is to Greece as ________ is to China Mongolia
56%
Lake ____ is to Chad, Cameroon, Niger and Nigeria as Lake Victoria is to Kenya, Uganda and Tanzania Chad
48%
___________ is to Russia as Cabinda is to Angola Kaliningrad
26%
Jean Parisot de Valette is to ________ what Alexander the Great is to Alexandria Valletta
22%
Yamoussoukro is to Abidjan as Porto-Novo is to _______ Cotonou
21%
The AK47 is to the Mozambican flag what the _______ is to the Angolan flag Machete
16%
The ____ are to Japan what the Sami are to Finland Ainu
12%
The Bonneville Salt Flats are to the USA what the _____ __ _____ is to Bolivia Salar de Uyuni
10%
The Great Basin Desert is to the USA what the __________ ______ is to China. Taklamakan Desert
3%
Mount Baekdu (Baekdusan) is to North Korea what ________ is to South Korea Hallasan
2%
________ is to the UAE what Barak is to Uzbekistan Musandam
0%
No matching quizzes found
Score Distribution
Percent of People with Each Score
Percentile by Number Answered
Your Score History
You have not taken this quiz